Responses for Show #324 - Thursday, December 5, 1985

Jared Eisenstat game 4.

Contestants

Ed Cundiff, a teacher originally from Long Beach, California

Susan Mayer, an office manager from Reseda, California

Jared Eisenstat, a law student from Hicksville, New York (whose 3-day cash winnings total $20,699)

[next game >>]

Jeopardy! Round responses

THE PLANETS
NAMES IN THE NEWS
"WIND" WORDS
BOTTOMS UP
ROCK 'N ROLL
SUDDEN DEATH
    $100 6
Venus

Susan
    $100 8
the president

Susan
    $100 16
(Alex: There's a power generator down there with 400-foot rotors--biggie.)

a windmill

Ed
    $100 26
(sailing) ships

Susan
    $100 1
Brothers

Susan
    $100 19
the electric chair

Ed
    $200 7
Mercury

Ed
    $200 12
Dr. Spock

Ed
    $200 17
a windsor knot

Ed
    $200 27
beer

Jared
    $200 2
Lennon & McCartney

Ed
    $200 20
the Egyptians

Susan
    $300 9
Mars

Triple Stumper
    $300 13
Stacy Keach

Jared
    $300 18
windshield wipers

Jared
    $300 28
a spritzer

Susan
    $300 3
"Rock Around The Clock"

Susan
    $300 21
[Alex reads the year as 1888 and corrects his mistake after the break.]

the (grim) reaper

Jared
    $400 10
(Alex: And it's closer right now, as a matter of fact.)

Pluto

Jared
    $400 14
Billy Martin

Ed
    $400 24
(Alex: Yes, that occurred in 1980.)
...
(Alex: [After next clue selection] We've got about a minute a to go.)

windfall profits

Jared
    $400 29
[The end-of-round signal sounds.]

a bottle of champagne

Triple Stumper
    $400 4
Bread

Susan
    $400 22
the morgue

Susan
    $300 11
(Jared: What is Saturn?)
[The music was not reprised going into the break.]

Jupiter

Jared
    $500 15
Gary Hart

Triple Stumper
    $500 25
(Ed: What are windows?)

windbreakers

Ed
Triple Stumper
    $500 5
Maria Muldaur

Jared
    $500 23
George & Marion Kirby

Susan

Scores at the first commercial break (after clue 11):

Jared Susan Ed
$600 $1,000 $400

Scores at the end of the Jeopardy! Round:

Jared Susan Ed
$2,100 $2,500 $900

Double Jeopardy! Round responses

OREGON
THE '70s
MOVIE QUOTES
GOVERNMENT
ANATOMY
TRIVIA
    $200 11
tea

Ed
    $200 9
the Symbionese Liberation Army

Jared
    $200 4
Psycho

Jared
    $200 18
president & vice president

Jared
    $200 26
the blood

Jared
    $200 1
(Jared: What is mongoose?)

mongooses

JaredSusan
    $400 12
Portland

Susan
    $400 10
the stone age

Ed
    $400 5
Fanny Brice

Susan
    $400 19
the Patent Office

Jared
    $400 27
[The end-of-round signal sounds.]

hair

Jared
    $400 2
daylights savings time (move the clocks forward)

Susan
    $600 15
(Jared: What is Old Smokey?)

Crater Lake

JaredSusan
    $600 23
the Alaska Pipeline

Jared
    $600 6
Jon Voight (Joe Buck)

Jared
    $600 20
Department of Justice

Jared
    $600 3
a lottery winner (the largest amount won by a man in a lottery)

Jared
    $800 16
Mount Hood

Ed
    $800 24
(Frank) Robinson

Jared
    $800 7
All About Eve

Triple Stumper
    $600 21
the Department of Commerce

Jared
    $800 13
[Laughter]

Well, what is I'm thinking about it

Ed
    $1000 17
(John Jacob) Astor

Jared
    $1000 25
Curtain

Triple Stumper
    $500 8
Lauren Bacall

Jared
    $1000 22
(Alex: We've got about a minute to go in the round.)

7

Ed
    $1000 14
(Ed: What is handicapped?)
(Jared: What is blind?)
...
(Alex: They do a lot of strange things in Texas, sometimes.)

a 22-pound piglet

JaredEd
Triple Stumper

Scores at the end of the Double Jeopardy! Round:

Jared Susan Ed
$7,200 $4,500 $3,100

[wagering suggestions for these scores]

Final Jeopardy! Round responses

MONEY
(Alex: [To Jared] [*] is 1/10 of a cent... you see it on your tax notices a lot, you know, the [*] rate.)
EdWhat is 1/2 ยข
$3,100
SusanWhat is 1 mil
$500
JaredWhat is 1/100 of a cent?
$1,801
1 mill (1/10 of a cent)

Final scores:

Jared Susan Ed
$5,399 $5,000 $0
4-day champion: $26,098 2nd place: trip on Eastern to Stanfordville, New York & stay at Roseland Ranch 3rd place: Spring Crest draperies

Game dynamics:

Coryat scores:

Jared Susan Ed
$8,200 $4,500 $3,100
21 R
(including 2 DDs),
4 W
(including 1 DD)
15 R,
0 W
12 R,
2 W

Combined Coryat: $15,800

[game clues] [game scores] [suggest correction]

Game tape date: 1985-08-14
The J! Archive is created by fans, for fans. Scraping, republication, monetization, and malicious use prohibited; this site may use cookies and collect identifying information. See terms. The Jeopardy! game show and all elements thereof, including but not limited to copyright and trademark thereto, are the property of Jeopardy Productions, Inc. and are protected under law. This website is not affiliated with, sponsored by, or operated by Jeopardy Productions, Inc. Join the discussion at JBoard.tv.